Joueurs de Football de A à Z - Statistiques

Statistiques générales
  • Ce quiz a été pris 280 fois
  • Le résultat moyen est 21 sur 26
Statistiques - réponses
Par images Réponse % Correct
Courtois
98%
Haaland
98%
Messi
98%
Neymar
98%
Kane
97%
Bellingham
95%
Yamal
95%
Pedri
94%
Vinicius
93%
Foden
92%
Saka
91%
Alaba
90%
Leao
90%
Ederson
89%
Guendouzi
89%
Tchouameni
87%
Rodri
86%
Walker
84%
Davies
83%
Jota
81%
Osimhen
77%
Xavi simons
77%
Zinchenko
60%
Udogie
43%
Quansah
34%
Iling junior
12%
Aucun quiz correspondant
Distribution des résultats
% des personnes avec chaque résultat
Percentile par nombre de réponses
Votre historique - résultats
Vous n’avez pas pris ce quiz